000 01018nam a2200325 a 4500
003 AR-BaBNM
005 20251128202909.0
008 082120s2002 ||||||||||||||000 | spa||
020 _a950-04-0078-2
040 _cAR-BaBNM
100 1 _aIkeda, Daisaku
245 0 0 _aEl Buda viviente
_buna biografía interpretativa
250 _a1ª ed.
260 _aBuenos Aires
_bEmecé
_c1982
300 _a195 p.
490 0 _aBiografías y memorias
500 _aEl autor, Daisaku Ikeda, es el tercero y actual presidente de la sociedad religiosa japonesa Soka Gakkai, y ésta es, naturalmente, su interpretación de la vida de Buda Shakyamuni
500 _aCuenta con un glosario en la p. 177
600 0 4 _aSoka Gakkai
650 4 _aBIOGRAFIAS
650 4 _aHISTORIA DE LAS RELIGIONES
650 4 _aBUDISMO
650 4 _aRELIGIONES MODERNAS
650 4 _aSISTEMAS RELIGIOSOS
651 4 _aJapón
655 _aBIOGRAFIAS
700 1 _aBixio, Alberto Luis
_etraductor
942 _cBK
998 _cEnrique
999 _c1101
_d1101